Statistiques concernant Les Spécialités culinaires

Cliquez ici pour prendre le quiz!

Statistiques générales

  • Ce quiz a été pris 93 fois
  • Le résultat moyen est 9 sur 16

Statistiques - réponses

SpécialitésVilles% Correct
MoutardeDijon
94%
CannelésBordeaux
82%
PruneauAgen
68%
PimentEspelette
68%
QuenelleLyon
68%
RilletteLe Mans
66%
TripesCaen
63%
NougatMontélimar
62%
FourmeAmbert
61%
JambonBayonne
60%
BrieMeaux
54%
CalissonsAix-en-Provence
52%
CassouletCastelnaudary
34%
AndouilletteTroyes
31%
Gratin dauphinoisGrenoble
28%
PoutargueMartigues
3%

Distribution des résultats

Percentile par nombre de réponses

% des personnes avec chaque résultat

Votre développement - résultats

Vous n’avez pas pris ce quiz